000 00721nam a2200205 a 4500
001 6053
003 CO-ViMGA
008 141112s2004 ck r 000 u spa d
040 _aCO-ViMGA
_bspa
_cCO-ViMGA
082 0 4 _a634 C111
100 1 _aCaballero Villar, Pedro
_94672
245 1 0 _aCostes y precios en horticultura :
_b(conespecial referencia a la comunidad velenciana)/
_cCaballero Villar Pedro , Miguel Gómez María Dolores de , Julía Igual Juan Francisco
260 _aMadrid :
_bMundi - Prensa,
_c1992
300 _a761 p
650 1 4 _aFRUTICULTURA
_93627
650 1 4 _aHORTICULTURA
_9513
650 1 4 _aJulia Igual, Juan Francisco
_94673
650 1 4 _aMiguel Gomez, María Dolores de
_94674
942 _2ddc
_cBK
999 _c18027
_d18027